000 00478nam a2200169 a 4500
001 000046105
003 DO-SdBNP
005 20240228131639.0
008 150622s2004 sp 000 0 spa d
040 _aDO-SdBNP
_bspa
_cBNPHU
082 _axxxx
_bxxxx
100 1 _aHernández, Rita Indiana,
_d1977-
_97082
245 1 3 _aLa estrategia de chochueca /
_cRita Indiana Hernández.
260 _aMadrid :
_b[Borby B NR].,
_c[s.f.].
300 _a78 p. ;
_c17 cm.
942 _2ddc
_cLBS1
999 _c45594
_d45594